Nachbarländer von Ländern mit "I" - Sudden Death - Statistiken

Allgemein
  • Dieses Quiz wurde 180 mal gespielt
  • Das Durchschnittsergebnis liegt bei 8 aus 12
Answers on the Grid
Answers color-coded by a green-red scale on the quiz's grid according to % correct below.
Bangladesch
Nepal
Papua-Neuguinea
Malaysia
Turkmenistan
Armenien
Kuwait
Syrien
Vereinigtes Königreich
Ägypten
San Marino
Österreich
Brasilien
Costa Rica
Angola
Lesotho
Schweden
Dominikanische Republik
Tadschikistan
Palau
 
Antwortstatistiken
Antwort % Korrekt
Italien San Marino
89%
Indien Nepal
88%
Irland Vereinigtes Königreich
81%
Indien Bangladesch
78%
Italien Österreich
76%
Irak, Israel Syrien
76%
Indonesien Malaysia
72%
Indonesien Papua-Neuguinea
72%
Irak Kuwait
56%
Iran Turkmenistan
50%
Israel Ägypten
49%
Iran Armenien
33%
Keine übereinstimmenden Quizze gefunden
Verteilung der Resultate
Anzahl Personen mit jedem Resultat
Perzentil nach korrekt beantworteten Fragen
Ihre Resultats-Entwicklung
Sie haben dieses Quiz noch nicht gespielt